| 000 | 00931nam a2200277Ia 4500 | ||
|---|---|---|---|
| 001 | Para_1190 | ||
| 003 | CHAP | ||
| 008 | 220125s1997 xx 000 0 und d | ||
| 010 | _a199916 | ||
| 040 | _cCHAP | ||
| 090 | _aPA TESIS 1156 | ||
| 100 |
_aBarrera Guzmán, Lidia _910390 |
||
| 245 |
_aEfectividad biológica de flazasulfuron en el cultivo de jitomate (Lycopersicon esculentum Mill), en Tlayacapan, Morelos / _c por Lidia Barrera Guzman |
||
| 260 |
_aChapingo, Méx. : _b El autor |
||
| 300 | _a66 h. | ||
| 502 | _aTesis (Ing. Agr. Esp. en Parasitología Agrícola), UACh. Depto. Parasitología | ||
| 650 |
_aTomate _x malas hierbas _xcontrol _9113736 |
||
| 710 |
_aUACh. Departamento Parasitología Agrícola _9164025 |
||
| 901 | _aPA TESIS 1156 | ||
| 902 | _aA | ||
| 905 | _a0000001997 i 0000000000 00 | ||
| 910 | _a1997 | ||
| 942 | _cPARA | ||
| 942 |
_cPARA _d1 |
||
| 999 |
_c199916 _d199916 |
||